000 00396nam a22001457a 4500
020 _a0-7487-2888-0
082 _a371.3078
_bKYR/E
100 _aKYRIACOU, CHRIS
245 _aEFFECTIVE TEACHING IN SCHOOLS
_bTHEORY AND PRACTICE
250 _aSECOND EDITION
260 _aUNITED KINGDOM
_bSTANLEY THORNES
_c2001
300 _a176
650 _aESSENTIAL TEACHING SKILLS
_zUNITED KINGDOM
942 _cBK
999 _c5445
_d5445